|
|
|
|
| LEADER |
00000nam a22000007a 4500 |
| 005 |
20210518231854.0 |
| 007 |
cr|||| |||| |
| 008 |
210518s2020 es |||||s|||| 00||0 spa d |
| 020 |
|
|
|a 978-84-7351-705-8
|
| 035 |
|
|
|a 33536
|
| 040 |
|
|
|a vLex
|
| 090 |
|
|
|c 11725
|d 11725
|
| 100 |
1 |
|
|a Gimbel Garca̕, Jos ̌Francisco
|
| 245 |
1 |
2 |
|a El derecho al suicidio asistido por mďico en el caso de enfermos terminales y pacientes con discapacidades graves crn̤icas
|h [Recurso electrn̤ico] /
|c Jos ̌Francisco Gimbel Garca̕
|
| 256 |
|
|
|a Servicio en ln̕ea
|
| 260 |
|
|
|a Madrid:
|b Instituto Nacional de Administracin̤ Pb︢lica (INAP),
|c 2020
|
| 300 |
|
|
|a 1 recurso electrn̤ico
|
| 500 |
|
|
|a El presente documento recoge las ideas esenciales contenidas en la tesis doctoral titulada El derecho al suicidio asistido por mďico en el caso de enfermos terminales y enfermos con discapacidades graves crn̤icas. Sistema de garanta̕s y encuesta de validacin̤. La investigacin̤, desarrollada a lo largo de cuatro aǫs y dirigida por el profesor Jorge Rafael Alguacil Gonzl̀ez-Aurioles, contiene los elementos bs̀icos constitutivos de un posible marco regulatorio capaz de conjugar la existencia de un derecho al suicidio asistido por mďico, cuyos titulares fueran enfermos terminales y pacientes con discapacidades graves crn̤icas, con la obligacin̤ constitucional de preservar la vida por parte del Estado.
|
| 506 |
1 |
|
|a Disponible solo en los productos indicados
|d vLex Global
|d vLex Global (Academic Edition, excluding Law Schools)
|d vLex Global (U.S. Academic Edition, Law Schools)
|d vLex Global (U.S. Academic Edition, excluding Law Schools)
|d vLex Global (Academic Edition, Law Schools)
|
| 650 |
0 |
4 |
|a Derecho Constitucional
|z Espaą
|
| 650 |
0 |
4 |
|a Medicina
|z Espaą
|
| 740 |
0 |
|
|a vLex Libros (Servicio en ln̕ea)
|
| 856 |
4 |
0 |
|u https://vlex.com/source/derecho-al-suicidio-asistido-por-medico-en-el-caso-de-enfermos-terminales-y-pacientes-con-discapacidades-graves-cronicas-33536
|z Acceso restringido
|
| 942 |
|
|
|c BOOK
|
| 999 |
0 |
|
|a Constitutional Law
|
| 999 |
0 |
|
|a Medicine
|